000 00476nam a2200133 a 4500
008 120416s1962 ||||||||||||||||| || u
050 _aQA 95 Ken
100 _aKendall, P. M. H
245 1 0 _aMathematical puzzles for the connoisseur
260 _aLondon
_bCharles Griffin
_c1962
300 _a[5], 161p. : ill.
350 _a0.00
995 _D0.00
_FCBU-MAIN LIBRARY (Kitwe)
_H1
_I1.50
_M1
_UDAMAGED
_ZMain Library Open Access Collection
999 _c50676
_d50676